Ciudades por fotos - Estadísticas

Estadísticas generales
  • Esta prueba ha sido intentada 249 veces
  • La puntuación promedio es 14 de 16
Estadísticas de respuestas
Imagen Hint Respuesta % Correcto
Alemania Berlin
100%
Inglaterra Londres
99%
España Madrid
99%
Francia Paris
97%
Estados Unidos Nueva York
96%
Italia Roma
96%
Portugal Lisboa
94%
Grecia Atenas
91%
Paises Bajos Amsterdam
88%
Bélgica Bruselas
86%
Republica Checa Praga
85%
Italia Florencia
81%
España Granada
80%
Eslovenia Liubliana
59%
Portugal Porto
59%
Libano Beirut
55%
No se encontraron pruebas coincidentes
Distribución de puntuación
Porcentaje de gente con cada puntuación
Porcentaje por número respondido
Historial de tus puntuaciones
No has intentado esta prueba.